000 00513nam a2200181Ia 4500
008 220216s9999 xx 000 0 und d
100 _aJayasinghe C K
245 0 _aDiseases of Hevea rubber: Integrated move can fight the maladies
260 _bRubber Asia
_c2012
300 _a61-64
500 _aSource Year: 2012
650 _aCorynespora leaf fall
650 _aDisease management
650 _aRubber diseases
650 _aSouth American lLeaf blight
650 _aWhite root disease
942 _cJS
999 _c57253
_d57253